[Event "Ct. Catalunya eq DH"]
[Site "?"]
[Date "2013.02.16"]
[Round "5.8"]
[White "Bosque Ortega, X."]
[Black "Ribera Baztan, J."]
[Result "0-1"]
[WhiteElo "2322"]
[BlackElo "2190"]
[PlyCount "104"]
[EventDate "2013.??.??"]
[EventType "tourn"]
[EventRounds "11"]

1. d4 f5 2. Nf3 Nf6 3. Bg5 e6 4. Nbd2 Be7 5. Bxf6 Bxf6 6. e4 d5 7. exf5 exf5 8.
Bd3 Nc6 9. c3 O-O 10. O-O Qd6 11. Re1 Bd7 12. Qc2 g6 13. Re2 Rae8 14. Rae1 Rxe2
15. Rxe2 Re8 16. Nb3 b6 17. Rxe8+ Bxe8 18. Qe2 Kf7 19. Bb5 Qe6 20. Qxe6+ Kxe6
21. Nc1 Kd6 22. h4 Bf7 23. Bxc6 Kxc6 24. Ne5+ Bxe5 25. dxe5 Kc5 26. f4 Kc4 27.
Kf2 d4 28. Ne2 dxc3 29. Nxc3 Kd3 30. Nb5 Bxa2 31. Nxc7 a5 32. e6 Kc2 33. e7 Bf7
34. e8=Q $4 (34. Nd5 Kxb2 35. Nxb6 Kb3 36. Nc8 Be8 37. Nd6 Bd7 38. Nb7 Kb4 39.
Ke3 a4 40. Kd3 a3 41. Kc2 Kc4 42. g3 Kd5 43. Kb3 Kc6 44. Na5+ Kb5 45. Nb7 Kc6
$11) 34... Bxe8 $19 35. Nxe8 Kxb2 36. Nd6 a4 37. Nc4+ Kb3 38. Nd2+ Kc3 39. Ke3
a3 40. Nb1+ Kb2 41. Nxa3 Kxa3 42. Kd4 b5 43. Ke5 b4 44. Kf6 b3 45. Kg7 b2 46.
Kxh7 b1=Q 47. Kxg6 Qe4 48. g3 Qe6+ 49. Kg5 Qg8+ 50. Kxf5 Qxg3 51. h5 Qg7 52.
Ke6 Qh6+ 0-1

[Event "Ct. Catalunya eq DH"]
[Site "?"]
[Date "2013.02.16"]
[Round "5.8"]
[White "Colls Gelaberto, E."]
[Black "Llaneza Vega, P."]
[Result "0-1"]
[WhiteElo "2249"]
[BlackElo "2320"]
[PlyCount "66"]
[EventDate "2013.??.??"]
[EventType "tourn"]
[EventRounds "11"]

1. Nf3 c5 2. c4 g6 3. d4 cxd4 4. Nxd4 Bg7 5. e4 Nc6 6. Be3 Nf6 7. Nc3 Ng4 8.
Qxg4 Nxd4 9. Qd1 Ne6 10. Qd2 O-O 11. Be2 b6 12. O-O Bb7 13. f3 Rc8 14. Rfd1 d6
15. Rac1 f5 16. exf5 gxf5 17. Nd5 Kh8 18. Bf1 Qe8 19. Re1 Qf7 20. Bf2 Bxd5 21.
cxd5 Nc5 22. b4 Nd7 23. Bb5 Ne5 24. Ba6 Rxc1 25. Rxc1 Qg6 26. Qe2 Qf7 27. Bb7
e6 28. Qa6 exd5 29. Rd1 Qc7 30. Bxd5 Ng6 31. Qc4 Qe7 32. Re1 Qg5 33. Qc1 Nf4
0-1

[Event "Ct. Catalunya eq DH"]
[Site "?"]
[Date "2013.02.16"]
[Round "5.8"]
[White "Ibañez Tarradellas, E."]
[Black "Almirall Botella, J."]
[Result "1-0"]
[WhiteElo "2394"]
[BlackElo "2136"]
[PlyCount "107"]
[EventDate "2013.??.??"]
[EventType "tourn"]
[EventRounds "11"]

1. d4 d5 2. Bg5 g6 3. Nf3 Bg7 4. e3 Nf6 5. Bd3 O-O 6. Nbd2 b6 7. b4 c5 8. c3
Bb7 9. Qb1 cxb4 10. cxb4 Na6 11. O-O Nc7 12. a4 Ne6 13. Bh4 Rc8 14. Ra3 Ne8 15.
Rc1 Rxc1+ 16. Qxc1 Nd6 17. a5 b5 18. Rc3 Nc4 19. Nb3 Qd7 20. Ne1 g5 21. Bg3 f5
22. f3 f4 23. Bf2 Qd6 24. Nc2 fxe3 25. Bxe3 Nf4 26. Nc5 Bc8 27. Bf1 g4 28. g3
Nh3+ 29. Bxh3 gxh3 30. f4 Qg6 31. Ne1 Bg4 32. Ned3 Be2 33. Kf2 Qg4 34. Qh1 e6
35. Ne1 Nxe3 36. Kxe3 Bxd4+ 37. Kxd4 Qg7+ 38. Ke3 Qxc3+ 39. Kxe2 Qc4+ 40. Ned3
e5 41. fxe5 d4 42. Qc1 Qa2+ 43. Qb2 Qd5 44. Qb3 Qxb3 45. Nxb3 Rd8 46. Nf4 Rc8
47. Nc5 Re8 48. e6 Kg7 49. Kd3 Kf6 50. Kxd4 Rd8+ 51. Nd7+ Ke7 52. Ke5 Rc8 53.
Nd5+ Kd8 54. Kd6 1-0

[Event "Ct. Catalunya eq DH"]
[Site "?"]
[Date "2013.02.16"]
[Round "5.8"]
[White "Lanau Garcia, F."]
[Black "Tallo Dominguez, I."]
[Result "0-1"]
[WhiteElo "2122"]
[BlackElo "2329"]
[PlyCount "76"]
[EventDate "2013.??.??"]
[EventType "tourn"]
[EventRounds "11"]

1. d4 Nf6 2. c4 c5 3. d5 b5 4. cxb5 a6 5. bxa6 g6 6. Nc3 Bxa6 7. Nf3 d6 8. e4
Bxf1 9. Kxf1 Nbd7 10. g3 Bg7 11. Kg2 O-O 12. Re1 Ra6 13. Qc2 Qa8 14. a3 Rb8 15.
Rb1 e6 16. Qd3 exd5 17. exd5 Nb6 18. Rd1 c4 19. Qe2 Re8 20. Qf1 Ra5 21. Be3
Nbxd5 22. Nxd5 Nxd5 23. Bd4 Nc3 24. bxc3 Rf5 25. Bxg7 Qxf3+ 26. Kg1 Kxg7 27.
Re1 Ra8 28. Ra1 Qxc3 29. Rec1 Qb2 30. Rab1 Qxa3 31. Qxc4 Qa7 32. Qc3+ Kg8 33.
Qb2 Re8 34. Re1 Rfe5 35. Qd2 Qe7 36. Red1 Qf6 37. Qd4 Re1+ 38. Kg2 Qxd4 0-1

[Event "Ct. Catalunya eq DH"]
[Site "?"]
[Date "2013.02.16"]
[Round "5.8"]
[White "Ruiz Manchon, FX."]
[Black "Gutierrez Clares, J."]
[Result "1-0"]
[WhiteElo "2273"]
[BlackElo "2321"]
[PlyCount "103"]
[EventDate "2013.??.??"]
[EventType "tourn"]
[EventRounds "11"]

1. e4 c5 2. c3 d6 3. d4 Nf6 4. Bd3 Nc6 5. Nf3 Bg4 6. d5 Nb8 7. h3 Bxf3 8. Qxf3
Nbd7 9. Qe2 g6 10. f4 Qc7 11. c4 Bg7 12. O-O O-O 13. Nc3 a6 14. a4 e6 15. dxe6
fxe6 16. Bd2 Rae8 17. Kh1 Nb8 18. Rae1 Nc6 19. Qf2 Nh5 20. Qh4 Kh8 21. Be2 Qe7
22. Qg4 Rf7 23. h4 Ref8 24. g3 Bh6 25. Kh2 Nd4 26. Bd3 Qd8 27. Bc1 Bg7 28. Ne2
Nf6 29. Qh3 h5 30. Nxd4 Ng4+ 31. Kh1 Bxd4 32. Qg2 Qb6 33. e5 dxe5 34. Bxg6 Rg7
35. Bxh5 Qb3 36. fxe5 Nf2+ 37. Kh2 Rh7 38. Bg6 Rg7 39. Bh5 Rfg8 40. Bf4 Nd3 41.
Qf3 Qxb2+ 42. Re2 Qc3 43. Bg5 Rxg5 44. hxg5 Nxe5 45. Qf6+ Rg7 46. Qh6+ Kg8 47.
Qxe6+ Kh7 48. Rf6 Ng4+ 49. Bxg4 Bxf6 50. gxf6 Rg5 51. f7 Qg7 52. Bf5+ 1-0

[Event "Ct. Catalunya eq DH"]
[Site "?"]
[Date "2013.02.16"]
[Round "5.9"]
[White "Bravo Barranco, N."]
[Black "Subirats Ruiz, S."]
[Result "1/2-1/2"]
[WhiteElo "2332"]
[BlackElo "2253"]
[PlyCount "69"]
[EventDate "2013.??.??"]
[EventType "tourn"]
[EventRounds "11"]

1. e4 e5 2. Nf3 Nc6 3. Bb5 a6 4. Ba4 Nf6 5. d3 b5 6. Bb3 Bc5 7. c3 d6 8. Nbd2
Bb6 9. Nf1 Na5 10. Bc2 c5 11. Ng3 h6 12. O-O Nc6 13. Qe2 O-O 14. h3 Re8 15. a4
Bb7 16. Nf5 d5 17. axb5 axb5 18. Rxa8 Bxa8 19. Nh2 Ne7 20. Ng3 Ng6 21. Ng4 Nf4
22. Qf3 Bc7 23. Nf5 c4 24. Bxf4 exf4 25. e5 Bxe5 26. Nxe5 Rxe5 27. d4 Re6 28.
Qxf4 Ne4 29. f3 Nd6 30. Nxd6 Qxd6 31. Qxd6 Rxd6 32. Ra1 Bc6 33. Ra7 Rd7 34. Ra6
Rc7 35. Kf2 1/2-1/2

[Event "Ct. Catalunya eq DH"]
[Site "?"]
[Date "2013.02.16"]
[Round "5.9"]
[White "De la Riva Aguado, J."]
[Black "Lillo Ferrer, JM."]
[Result "1/2-1/2"]
[WhiteElo "2320"]
[BlackElo "2200"]
[PlyCount "27"]
[EventDate "2013.??.??"]
[EventType "tourn"]
[EventRounds "11"]

1. e4 g6 2. d4 Bg7 3. Nc3 d6 4. Be3 a6 5. h4 h5 6. Qd2 b5 7. O-O-O Nf6 8. f3
Nbd7 9. Nh3 Bb7 10. Bd3 Qc8 11. Kb1 c5 12. dxc5 Nxc5 13. Nf4 O-O 14. Be2
1/2-1/2

[Event "Ct. Catalunya eq DH"]
[Site "?"]
[Date "2013.02.16"]
[Round "5.9"]
[White "Degerhammar, T."]
[Black "Mestre Bellido, H."]
[Result "0-1"]
[WhiteElo "2130"]
[BlackElo "2357"]
[PlyCount "64"]
[EventDate "2013.??.??"]
[EventType "tourn"]
[EventRounds "11"]

1. c4 e5 2. Nc3 Nc6 3. g3 g6 4. Bg2 Bg7 5. e3 d6 6. Nge2 f5 7. d4 Nf6 8. Bxc6+
bxc6 9. dxe5 dxe5 10. Qxd8+ Kxd8 11. f3 Be6 12. b3 Bf8 13. O-O Kc8 14. Na4 Nd7
15. Bb2 Bd6 16. Nf4 Re8 17. Nxe6 Rxe6 18. Kf2 e4 19. f4 Nb6 20. Nc3 Rb8 21.
Rab1 Bc5 22. Ne2 Rd6 23. Nd4 Bxd4 24. exd4 c5 25. d5 Nxc4 26. Rfd1 Nxb2 27.
Rxb2 c4 28. Rd4 cxb3 29. Rxb3 Rxb3 30. axb3 Rb6 31. b4 Kd7 32. Ke3 Rb5 0-1

[Event "Ct. Catalunya eq DH"]
[Site "?"]
[Date "2013.02.16"]
[Round "5.9"]
[White "Diaz Camallonga, C."]
[Black "Borges Ayas, J."]
[Result "1-0"]
[WhiteElo "2286"]
[BlackElo "2118"]
[PlyCount "101"]
[EventDate "2013.??.??"]
[EventType "tourn"]
[EventRounds "11"]

1. e4 c5 2. Nf3 Nc6 3. d4 cxd4 4. Nxd4 Qc7 5. Nb5 Qb8 6. c4 Nf6 7. N5c3 e6 8.
Be3 d6 9. f4 Be7 10. Be2 b6 11. Bf3 Bb7 12. O-O O-O 13. Qe2 Nd7 14. Rd1 Nc5 15.
Na3 a6 16. Rac1 Qc7 17. Nc2 Nd7 18. Nd4 Nxd4 19. Bxd4 Rac8 20. b3 Rfd8 21. f5
Bf6 22. fxe6 fxe6 23. Bg4 Re8 24. Qf2 Ne5 25. Bh3 b5 26. cxb5 axb5 27. Qd2 Qa5
28. Be3 b4 29. Na4 Rxc1 30. Rxc1 Bxe4 31. Qxd6 Qd5 32. Qxd5 exd5 33. Nc5 Nd3
34. Nxd3 Bxd3 35. Bc5 Re2 36. Bxb4 Bd4+ 37. Kh1 Bc2 38. Bg4 Rf2 39. Be6+ Kh8
40. Bxd5 h6 41. h3 Re2 42. Bc4 Rf2 43. Be1 Bb2 44. Bxf2 Bxc1 45. a4 Bd2 46. Bb6
Be4 47. a5 g5 48. Bd4+ Kh7 49. a6 Bb4 50. a7 Ba8 51. Be2 1-0

[Event "Ct. Catalunya eq DH"]
[Site "?"]
[Date "2013.02.16"]
[Round "5.9"]
[White "Fernandez Lopez, J."]
[Black "Villa Izquierdo, R."]
[Result "1-0"]
[WhiteElo "2144"]
[BlackElo "2234"]
[PlyCount "69"]
[EventDate "2013.??.??"]
[EventType "tourn"]
[EventRounds "11"]

1. e4 c5 2. Nf3 Nc6 3. Bb5 a6 4. Bxc6 dxc6 5. h3 e5 6. d3 Bd6 7. Nc3 Ne7 8. O-O
Ng6 9. Ne2 h6 10. Be3 Be6 11. Qd2 Qd7 12. Nh2 O-O-O 13. a3 f5 14. exf5 Bxf5 15.
Ng3 Nh4 16. Ne4 Rhf8 $6 17. Nxd6+ Qxd6 18. f4 $11 (18. f3 $14 c4 19. Qf2 Nxg2
20. Kxg2 Qe6 21. Qg3 cxd3 22. cxd3 Bxd3) 18... e4 $6 (18... exf4 $11) 19. Qf2
Qf6 $2 20. Bxc5 $6 $16 (20. dxe4 $18 Bxe4 21. Ng4 Qxb2 (21... Qe7 22. Bxc5) 22.
Qxh4) 20... Rfe8 21. dxe4 $6 (21. Rfe1 $16 h5 (21... exd3 22. cxd3 Bxd3 $2 23.
Ng4)) 21... Rxe4 22. Rad1 (22. Rae1 $16) 22... Ng6 $11 23. Bb6 Rde8 24. Rfe1
Nxf4 25. Rxe4 Bxe4 $15 26. Ng4 Qxb2 27. Bd4 $2 (27. Kh2) 27... Qxc2 $19 28. Rd2
Qc1+ $2 (28... Qb1+ 29. Kh2 g5) 29. Kh2 g5 30. Bb2 $11 Qb1 31. Qa7 Kc7 $4 (
31... Bxg2 32. Nf2 Kc7 33. Bd4 Re1 34. Rb2 Rh1+ 35. Kg3 Nh5+ 36. Kxg2 Nf4+ 37.
Kf3 Rxh3+ 38. Nxh3 Qh1+ $11) 32. Nf6 $18 Nd5 (32... Re7 33. Be5+ Rxe5 34. Rd7+)
33. Nxe8+ Kd7 34. Nf6+ Ke6 35. Qd4 1-0

[Event "Ct. Catalunya eq DH"]
[Site "?"]
[Date "2013.02.16"]
[Round "5.9"]
[White "Fernandez Madrid, C."]
[Black "Moreno Garcia, EP."]
[Result "1-0"]
[WhiteElo "2300"]
[BlackElo "2074"]
[PlyCount "59"]
[EventDate "2013.??.??"]
[EventType "tourn"]
[EventRounds "11"]

1. c4 e5 2. g3 Nc6 3. Bg2 Nf6 4. Nf3 Bc5 5. O-O d6 6. a3 a5 7. e3 O-O 8. d4 Ba7
9. d5 Ne7 10. Bd2 c6 11. dxc6 Nxc6 12. Qc2 Bg4 13. Nc3 Rc8 14. Qb1 Ne7 15. Nb5
Bb6 16. b3 e4 17. Nfd4 d5 18. h3 Bh5 19. Rc1 Qd7 20. a4 Nc6 21. cxd5 Nxd4 22.
Nxd4 Qxd5 23. Bc3 h6 24. Qb2 Bf3 25. Nxf3 exf3 26. Bxf6 gxf6 27. Bf1 Qe5 28.
Qxe5 fxe5 29. Bd3 Rcd8 30. Be4 1-0

[Event "Ct. Catalunya eq DH"]
[Site "?"]
[Date "2013.02.16"]
[Round "5.10"]
[White "Ayza Leon, D."]
[Black "Aalbersberg Kroon, P."]
[Result "1-0"]
[WhiteElo "2292"]
[BlackElo "1982"]
[PlyCount "39"]
[EventDate "2013.??.??"]
[EventType "tourn"]
[EventRounds "11"]

1. e4 d5 2. exd5 Nf6 3. Nc3 Nxd5 4. Bc4 e6 5. Qf3 Nxc3 6. dxc3 Nc6 7. Qg3 Qd6
8. Bf4 Qc5 9. Bb3 e5 10. Be3 Qe7 11. Nf3 Bd7 12. Ng5 Nd8 13. O-O-O f6 14. Nxh7
Ne6 15. Qg6+ Kd8 16. Bxe6 Qxe6 17. Ng5 Qg8 18. Nf7+ Ke7 19. Bc5+ Ke6 20. Ng5#
1-0

[Event "Ct. Catalunya eq DH"]
[Site "?"]
[Date "2013.02.16"]
[Round "5.10"]
[White "Castellet Menchon, D."]
[Black "Campos Cayuelas, M."]
[Result "0-1"]
[WhiteElo "2064"]
[BlackElo "2220"]
[PlyCount "80"]
[EventDate "2013.??.??"]
[EventType "tourn"]
[EventRounds "11"]

1. e4 c5 2. Nf3 d6 3. d4 cxd4 4. Nxd4 Nf6 5. Nc3 g6 6. Be2 Bg7 7. O-O O-O 8.
Bg5 Nc6 9. Nb3 Be6 10. Kh1 Na5 11. Nxa5 Qxa5 12. f4 Rac8 13. Bf3 Rc5 14. a3 Qc7
15. Re1 h6 16. Bh4 g5 17. Bf2 Rxc3 18. bxc3 g4 19. Be2 Nxe4 20. Bd4 Nxc3 21.
Qd2 Ne4 22. Qe3 Bxd4 23. Qxd4 d5 24. Rf1 Qxc2 25. Bd1 Qd2 26. Qxd2 Nxd2 27. Rf2
Ne4 28. Rb2 b6 29. Bb3 Rc8 30. Rf1 f5 31. Rd1 Rc3 32. Kg1 Kf7 33. Rbb1 Rc5 34.
Rbc1 d4 35. Bc2 Nc3 36. Rd2 d3 37. Bd1 Ne2+ 38. Bxe2 Rxc1+ 39. Bd1 Bb3 40. Rxd3
Rxd1+ 0-1

[Event "Ct. Catalunya eq DH"]
[Site "?"]
[Date "2013.02.16"]
[Round "5.10"]
[White "Gonzalez Hernandez, F."]
[Black "Asensio Liñan, T."]
[Result "1/2-1/2"]
[WhiteElo "2239"]
[BlackElo "2275"]
[PlyCount "122"]
[EventDate "2013.??.??"]
[EventType "tourn"]
[EventRounds "11"]

1. e4 Nf6 2. Nc3 e5 3. Nf3 Nc6 4. d4 exd4 5. Nxd4 Bb4 6. Nxc6 bxc6 7. Bd3 d5 8.
exd5 cxd5 9. O-O O-O 10. Bg5 c6 11. Na4 Be6 12. c3 Bd6 13. Bc2 Re8 14. Qd4 h6
15. Bh4 a5 16. a3 Qe7 17. b4 axb4 18. axb4 g5 19. Bg3 Bg4 20. Bxd6 Qxd6 21. f4
Ne4 22. Rae1 Rad8 23. fxg5 hxg5 24. Nc5 Qe7 25. Nxe4 dxe4 26. Qxe4 Qa7+ 27. Qd4
Rxd4 28. Rxe8+ Kg7 29. cxd4 Qxd4+ 30. Kh1 Qc4 31. Rf2 Qxb4 32. Re4 Qc3 33. h3
Be6 34. Ree2 Bd5 35. Bf5 Qd4 36. Bg4 Bc4 37. Rd2 Qe5 38. Bf3 Qe1+ 39. Kh2 Qe5+
40. g3 Bd5 41. Bxd5 cxd5 42. Rd3 f5 43. Rfd2 f4 44. Rxd5 fxg3+ 45. Kg2 Qe4+ 46.
Kxg3 Qe3+ 47. Kg2 Qe4+ 48. Kf2 Qf4+ 49. Ke2 Qe4+ 50. Kf2 Qf4+ 51. Kg1 Qe3+ 52.
Rf2 Qe1+ 53. Rf1 Qg3+ 54. Kh1 Qxh3+ 55. Kg1 Qg3+ 56. Kh1 Qh4+ 57. Kg1 Qg4+ 58.
Kh2 Qe2+ 59. Kg1 Qe3+ 60. Kh2 Qe2+ 61. Kg1 Qg4+ 1/2-1/2

[Event "Ct. Catalunya eq DH"]
[Site "?"]
[Date "2013.02.16"]
[Round "5.10"]
[White "Martinez Pardo, A."]
[Black "Ortiz Lafont, J."]
[Result "0-1"]
[WhiteElo "1858"]
[BlackElo "2285"]
[PlyCount "100"]
[EventDate "2013.??.??"]
[EventType "tourn"]
[EventRounds "11"]

1. d4 d5 2. c4 c6 3. e3 Nf6 4. Nc3 Bf5 5. Nf3 e6 6. cxd5 exd5 7. Bd3 Bg6 8. Ne5
Nbd7 9. f4 Bxd3 10. Nxd3 Bd6 11. a3 O-O 12. O-O Re8 13. Ne5 Nf8 14. Bd2 N6d7
15. b4 f6 16. Nd3 Nb6 17. Nb2 Nfd7 18. Rf3 Qe7 19. Nca4 Nxa4 20. Nxa4 b5 21.
Nc5 Nb6 22. Qc2 Nc4 23. Rh3 h6 24. Rf1 Bxc5 25. dxc5 Qe4 26. Qc3 Rad8 27. Bc1
d4 28. Qb3 d3 29. Rd1 Kf8 30. Bd2 Qd5 31. Qc3 Kf7 32. Rg3 Re7 33. Kf2 Re4 34.
Rc1 Qh5 35. Rf3 Qd5 36. g4 Kg8 37. h4 Qd7 38. Kg3 Qd5 39. Kf2 Ra8 40. g5 fxg5
41. hxg5 hxg5 42. Rg3 Rf8 43. Rcg1 Rfxf4+ 44. Ke1 Rf5 45. Rh3 Ne5 46. Rgh1 Rh4
47. Rxh4 gxh4 48. Rf1 Qg2 49. Kd1 Rxf1+ 50. Be1 Qe2+ 0-1

[Event "Ct. Catalunya eq DH"]
[Site "?"]
[Date "2013.02.16"]
[Round "5.10"]
[White "Pinsach Gelabert, A."]
[Black "Yepes Martinez, E."]
[Result "1-0"]
[WhiteElo "2178"]
[BlackElo "2313"]
[PlyCount "105"]
[EventDate "2013.??.??"]
[EventType "tourn"]
[EventRounds "11"]

1. e4 e6 2. d4 d5 3. Nd2 Nf6 4. e5 Nfd7 5. Bd3 c5 6. c3 Nc6 7. Ndf3 Qa5 8. Bd2
Qb6 9. Qc2 cxd4 10. cxd4 Nb4 11. Bxb4 Qxb4+ 12. Kf1 Nb6 13. a3 Qe7 14. Ne2 Bd7
15. Nc3 a6 16. g3 g6 17. h4 h6 18. h5 g5 19. Nh2 Bg7 20. Ng4 O-O 21. Qe2 f5 22.
exf6 Bxf6 23. Ne5 Bxe5 24. Qxe5 Nc4 25. Nxd5 Nd2+ 26. Ke2 Qf7 27. Kxd2 exd5 28.
f4 Bg4 29. Rac1 Rae8 30. Bg6 Qd7 31. Bxe8 Rxe8 32. Rc7 Rxe5 33. Rxd7 Re2+ 34.
Kd3 Rxb2 35. Rd8+ Kf7 36. Kc3 Ra2 37. fxg5 Rxa3+ 38. Kb4 Rf3 39. gxh6 Bf5 40.
Rh4 Ke7 41. Rxd5 Be6 42. Re4 Kf7 43. Rxe6 Kxe6 44. Rd8 Rf7 45. g4 Kf6 46. Rg8
Rh7 47. g5+ Ke6 48. Re8+ Kd7 49. g6 a5+ 50. Kxa5 Rxh6 51. g7 Rxh5+ 52. Re5 b6+
53. Kb5 1-0

[Event "Ct. Catalunya eq DH"]
[Site "?"]
[Date "2013.02.16"]
[Round "5.10"]
[White "Rafiee, M."]
[Black "Mateu Guiu, E."]
[Result "1-0"]
[WhiteElo "2148"]
[BlackElo "2115"]
[PlyCount "99"]
[EventDate "2013.??.??"]
[EventType "tourn"]
[EventRounds "11"]

1. e4 c5 2. Nf3 Nc6 3. d4 cxd4 4. Nxd4 g6 5. c4 Nf6 6. Nc3 d6 7. Be2 Nxd4 8.
Qxd4 Bg7 9. Be3 O-O 10. Qd2 Qa5 11. O-O Be6 12. f3 Rfc8 13. b3 a6 14. Rfc1 Rab8
15. Rab1 Nd7 16. Bf1 Ne5 17. Kh1 f5 18. Qf2 Nd7 19. b4 Qe5 20. f4 Qf6 21. Nd5
Qf7 22. Bd3 fxe4 23. Bxe4 Nf6 24. Nxf6+ Bxf6 $6 (24... exf6 $11) 25. Ba7 $14
Bxc4 26. Bxb8 Rxb8 27. Qa7 Rd8 28. Qxb7 Bxa2 29. Rc7 Bxb1 $4 (29... d5 $14) 30.
Bd5 Qxd5 31. Qxd5+ Kf8 32. Ra7 Kg7 33. Qe6 Kf8 34. Rxa6 d5 35. Qe1 Be4 36. Ra2
(36. b5) 36... Rc8 37. h3 Rc4 38. b5 Bc3 39. Qe3 Bd4 40. Qd2 Bc3 41. Qe3 Bd4
42. Qe2 (42. Qd2 $18) 42... Rb4 $16 43. Rd2 Bc3 44. Ra2 Bd4 45. Kh2 e5 $2 (
45... Rb1) 46. Qg4 $18 Bf5 47. Qh4 Rxb5 48. Qf6+ Ke8 49. Ra8+ Kd7 50. Rd8+ 1-0

[Event "Ct. Catalunya eq DH"]
[Site "?"]
[Date "2013.02.23"]
[Round "6.1"]
[White "Alonso Garcia, R."]
[Black "Beltran Rueda, S."]
[Result "1/2-1/2"]
[WhiteElo "2367"]
[BlackElo "2479"]
[PlyCount "25"]
[EventDate "2013.??.??"]
[EventType "tourn"]
[EventRounds "11"]

1. e4 c5 2. Nf3 Nc6 3. c3 d5 4. exd5 Qxd5 5. d4 cxd4 6. cxd4 e5 7. Nc3 Bb4 8.
Bd2 Bxc3 9. Bxc3 e4 10. Ne5 Nxe5 11. dxe5 Ne7 12. Be2 O-O 13. O-O 1/2-1/2

[Event "Ct. Catalunya eq DH"]
[Site "?"]
[Date "2013.02.23"]
[Round "6.1"]
[White "Cuartas Medina, JA."]
[Black "Fier, A."]
[Result "0-1"]
[WhiteElo "2555"]
[BlackElo "2602"]
[PlyCount "136"]
[EventDate "2013.??.??"]
[EventType "tourn"]
[EventRounds "11"]

1. e4 c5 2. Nf3 e6 3. d4 cxd4 4. Nxd4 Nf6 5. Nc3 d6 6. g3 Nc6 7. Bg2 Bd7 8.
Nde2 Be7 9. O-O O-O 10. h3 a6 11. g4 b5 12. Ng3 b4 13. Nce2 d5 14. exd5 Nxd5
15. c4 bxc3 16. Nxc3 Nxc3 17. bxc3 Rc8 18. Be3 Ne5 19. Bd4 Ng6 20. Re1 Qc7 21.
Rb1 Bc6 22. Bxc6 Qxc6 23. Rb6 Qd5 24. Qb3 Rc4 25. Ne4 Nh4 26. Re3 e5 27. Bxe5
Bc5 28. Bd4 Bxb6 29. Qxb6 Qa8 30. Qd6 Ng6 31. Nc5 Rd8 32. Qxa6 Qd5 33. Qb5 h6
34. Re8+ Rxe8 35. Qxe8+ Kh7 36. Nd7 Rc7 37. Nf8+ Nxf8 38. Qxf8 f6 39. Kh2 Rb7
40. Qc5 Qe4 41. Kg3 Qd3+ 42. f3 Rb5 43. Qc6 Rb2 44. Qe4+ Qxe4 45. fxe4 Kg6 46.
e5 f5 47. gxf5+ Kxf5 48. e6 Rb7 49. a4 Re7 50. Kf3 g6 51. a5 Rxe6 52. Bb6 Rc6
53. Bd4 Ke6 54. Ke4 Kd7 55. Kd5 Kc7 56. Bb6+ Kb7 57. c4 Rf6 58. h4 Rf5+ 59. Ke6
Rf4 60. Bd8 Rf5 61. Kd6 Kc8 62. Bb6 Rf4 63. c5 Rxh4 64. a6 Ra4 65. a7 h5 66. c6
h4 67. Bg1 h3 68. Ke5 Rxa7 0-1

[Event "Ct. Catalunya eq DH"]
[Site "?"]
[Date "2013.02.23"]
[Round "6.1"]
[White "Movsziszian, K."]
[Black "Alsina Leal, D."]
[Result "1-0"]
[WhiteElo "2517"]
[BlackElo "2522"]
[PlyCount "89"]
[EventDate "2013.??.??"]
[EventType "tourn"]
[EventRounds "11"]

1. g3 d5 2. Bg2 Nf6 3. d3 c6 4. Nf3 h6 5. O-O Bf5 6. c4 e6 7. cxd5 exd5 8. Nc3
Be7 9. Qc2 O-O 10. e4 Bh7 11. Bf4 Na6 12. Rad1 Nc5 13. Rfe1 Re8 14. h3 Rc8 15.
Be3 Qa5 16. Nd4 Bf8 17. a3 Ne6 18. Nxe6 fxe6 19. Qb3 b5 20. f4 a6 21. g4 Kh8
22. Bf2 Qc7 23. e5 Nd7 24. d4 c5 25. f5 cxd4 26. Bxd4 Bc5 27. fxe6 Bxd4+ 28.
Rxd4 Rxe6 29. Red1 Rxe5 30. Nxd5 Qa7 31. Qg3 Rc4 32. Qf2 Rxd4 33. Qxd4 Qxd4+
34. Rxd4 Bg8 35. Nf4 Nf8 36. Rd8 g5 37. Nd3 Re3 38. Kf2 Rxd3 39. Rxd3 Kg7 40.
Rd6 a5 41. Be4 Bf7 42. Rb6 Bc4 43. Bc6 b4 44. axb4 axb4 45. Rxb4 {(...50)} 1-0

[Event "Ct. Catalunya eq DH"]
[Site "?"]
[Date "2013.02.23"]
[Round "6.1"]
[White "Narciso Dublan, M."]
[Black "Kogan, A."]
[Result "1/2-1/2"]
[WhiteElo "2569"]
[BlackElo "2594"]
[PlyCount "66"]
[EventDate "2013.??.??"]
[EventType "tourn"]
[EventRounds "11"]

1. d4 d5 2. c4 c6 3. Nf3 e6 4. Qc2 dxc4 5. Qxc4 Nf6 6. g3 b5 7. Qd3 Bb7 8. Bg2
Nbd7 9. O-O Be7 10. a4 a6 11. Nbd2 O-O 12. Nb3 bxa4 13. Rxa4 c5 14. dxc5 Nxc5
15. Nxc5 Bxc5 16. Qxd8 Rfxd8 17. Ne5 Bxg2 18. Kxg2 Nd7 19. Rc4 Bd6 20. Nxd7
Rxd7 21. Rd1 Kf8 22. Rc6 Ke7 23. Bg5+ f6 24. Be3 Bb4 25. Rxd7+ Kxd7 26. Rb6 Be7
27. g4 a5 28. Rb7+ Ke8 29. h4 a4 30. h5 h6 31. Bd2 Kf8 32. Bb4 Bxb4 33. Rxb4
Ra7 1/2-1/2

[Event "Ct. Catalunya eq DH"]
[Site "?"]
[Date "2013.02.23"]
[Round "6.1"]
[White "Peralta, F."]
[Black "De la Riva Aguado, O."]
[Result "1/2-1/2"]
[WhiteElo "2611"]
[BlackElo "2542"]
[PlyCount "57"]
[EventDate "2013.??.??"]
[EventType "tourn"]
[EventRounds "11"]

1. d4 Nf6 2. c4 c5 3. d5 g6 4. Nc3 d6 5. e4 Bg7 6. Nf3 O-O 7. Bd3 e6 8. O-O Na6
9. Bf4 e5 10. Bg5 h6 11. Bh4 g5 12. Bg3 Nh5 13. Ne1 Nf4 14. a3 f5 15. exf5 Nxd3
16. Nxd3 Bxf5 17. f3 Nc7 18. Nf2 Ne8 19. Nfe4 Nf6 20. Bf2 Nxe4 21. fxe4 Bd7 22.
Qe2 Qe8 23. b4 b6 24. Be3 Qg6 25. Rab1 Rf4 26. g3 Rxf1+ 27. Rxf1 Bh3 28. Rf2 h5
29. Bc1 1/2-1/2

[Event "Ct. Catalunya eq DH"]
[Site "?"]
[Date "2013.02.23"]
[Round "6.2"]
[White "Alonso Rosell, A."]
[Black "Perez Mitjans, O."]
[Result "1/2-1/2"]
[WhiteElo "2576"]
[BlackElo "2553"]
[PlyCount "108"]
[EventDate "2013.??.??"]
[EventType "tourn"]
[EventRounds "11"]

1. Nf3 Nf6 2. d4 g6 3. c4 Bg7 4. Nc3 O-O 5. e4 d6 6. h3 c5 7. d5 b5 8. cxb5 a6
9. a4 axb5 10. Bxb5 Ba6 11. Be3 Ne8 12. O-O Nc7 13. Qd2 Nd7 14. Bh6 Bxh6 15.
Qxh6 f6 16. Qd2 Qc8 17. Ra3 Nb6 18. Raa1 Ra7 19. Rab1 Qb8 20. Rfc1 Rb7 21. Qd3
Bxb5 22. axb5 Nd7 23. b4 Nxb5 24. Nxb5 Rxb5 25. bxc5 Rxc5 26. Rxc5 Nxc5 27. Qc2
Qa8 28. Nd4 Rb8 29. Rxb8+ Qxb8 30. Nc6 Qb7 31. f3 Kg7 32. Kh2 e5 33. Na5 Qa6
34. Nc4 h5 35. Qc3 h4 36. Qc2 Kf7 37. Qc3 Ke7 38. Qb4 Nd3 39. Qc3 Nf4 40. Ne3
Qa7 41. Ng4 Kf7 42. Qc8 Ke7 43. Qh8 Qa2 44. Qxf6+ Ke8 45. Qh8+ Kd7 46. Qg7+ Kc8
47. Qf8+ Kb7 48. Qe7+ Ka8 49. Qd8+ Kb7 50. Qd7+ Ka8 51. Qc8+ Ka7 52. Qc7+ Ka8
53. Qc8+ Ka7 54. Ne3 Qf2 1/2-1/2

[Event "Ct. Catalunya eq DH"]
[Site "?"]
[Date "2013.02.23"]
[Round "6.2"]
[White "Fluvia Poyatos, Joan"]
[Black "Rizouk, A."]
[Result "1-0"]
[WhiteElo "2541"]
[BlackElo "2520"]
[PlyCount "67"]
[EventDate "2013.??.??"]
[EventType "tourn"]
[EventRounds "11"]

1. e4 e5 2. Nf3 Nc6 3. Bb5 a6 4. Ba4 Nf6 5. O-O Be7 6. Re1 b5 7. Bb3 O-O 8. h3
Bb7 9. d3 d5 10. exd5 Nxd5 11. Nbd2 f6 12. c4 bxc4 13. Nxc4 Kh8 14. d4 Bb4 15.
Re4 exd4 16. Nxd4 Nxd4 17. Rxd4 Re8 18. Bd2 c5 19. Rd3 Qc7 20. Bxb4 Nxb4 21.
Rd7 Re1+ 22. Qxe1 Qxd7 23. Rd1 Nd3 24. Qe3 Qc6 25. f3 Ne5 26. Na5 Qc7 27. Nxb7
Qxb7 28. Qxc5 Rc8 29. Qd5 Qb6+ 30. Qd4 Qc7 31. Kh1 h6 32. Qe4 Rf8 33. f4 Nf7
34. Bc2 1-0

[Event "Ct. Catalunya eq DH"]
[Site "?"]
[Date "2013.02.23"]
[Round "6.2"]
[White "Fluvia Poyatos, Jordi"]
[Black "Gonzalez Perez, A."]
[Result "0-1"]
[WhiteElo "2500"]
[BlackElo "2491"]
[PlyCount "86"]
[EventDate "2013.??.??"]
[EventType "tourn"]
[EventRounds "11"]

1. Nf3 Nf6 2. g3 e6 3. Bg2 d5 4. O-O Be7 5. b3 O-O 6. c4 c5 7. Bb2 Nc6 8. e3 b6
9. Qe2 Bb7 10. Rd1 Qc7 11. Nc3 Rad8 12. Rac1 Qb8 13. d4 cxd4 14. exd4 Na5 15.
c5 bxc5 16. dxc5 Nc6 17. Na4 Ne4 18. Nd2 Nxd2 19. Rxd2 d4 20. b4 a6 21. a3 e5
22. Re1 Bg5 23. Rdd1 f5 24. Nb6 Kh8 25. h4 Bf6 26. Nd5 e4 27. Nxf6 Rxf6 28. a4
d3 29. Qe3 Nxb4 30. Bxf6 gxf6 31. Rb1 a5 32. g4 f4 33. Qd2 Qe5 34. Kf1 f5 35.
gxf5 Qxf5 36. c6 Bxc6 37. Qc3+ Kg8 38. Rxb4 axb4 39. Qxc6 d2 40. Rd1 f3 41.
Qc4+ Kh8 42. Qxb4 fxg2+ 43. Kxg2 Rg8+ 0-1